000
00298nam a22001337a 4500
008
181105b xxu||||| |||| 00| 0 eng d
020
_a
9781111840594
041
_a
eng
080
_2
3rd
_a
371
100
_a
46
101
_a
EDU
245
_a
Focus on College Success
_c
Staley,C
942
_2
udc
_c
BK
999
_c
51793
_d
51793